Monetary Policy Statement (Record no. 7062)

MARC details
000 -LEADER
fixed length control field 00376nam a22001217a 4500
008 - FIXED-LENGTH DATA ELEMENTS--GENERAL INFORMATION
fixed length control field 200416b ||||| |||| 00| 0 eng d
100 ## - MAIN ENTRY--PERSONAL NAME
Personal name Bank of Tanzania
245 ## - TITLE STATEMENT
Title Monetary Policy Statement
Statement of responsibility, etc. Bank of Tanzania
Medium English
260 ## - PUBLICATION, DISTRIBUTION, ETC. (IMPRINT)
Place of publication, distribution, etc. Dar Es Salaam
Name of publisher, distributor, etc. Bank of Tanzania
Date of publication, distribution, etc. 2011
300 ## - PHYSICAL DESCRIPTION
Extent ix,52[p.
Other physical details Illustration
Dimensions 23cm
650 ## - SUBJECT ADDED ENTRY--TOPICAL TERM
Source of heading or term Monetary Policy Statement
942 ## - ADDED ENTRY ELEMENTS (KOHA)
Source of classification or shelving scheme Dewey Decimal Classification
Koha item type BOOKS
Holdings
Withdrawn status Lost status Source of classification or shelving scheme Damaged status Not for loan Home library Current library Date acquired Total Checkouts Barcode Date last seen Price effective from Koha item type
    Dewey Decimal Classification     Mwanza Mwanza 16/04/2020   1000002875 16/04/2020 16/04/2020 BOOKS

IRDP © 2021 :: Managed by ICT Team